[Event "DEM U12 2025"]
[Site "Willingen GER"]
[Date "2025.06.08"]
[Round "2"]
[White "Gersemann, Karl"]
[Black "Rogner, Alexander Luis"]
[Result "1/2-1/2"]
[Termination "normal"]
[Board "6"]
[WhiteElo "1982"]
[BlackElo "1811"]
[WhiteClock "00:41:47"]
[BlackClock "00:26:12"]
[PlyCount "77"]
[WhiteFideId "34602186"]
[BlackFideId "34606556"]
[EventCountry "GER"]
[EventRounds "9"]
[EventType "swiss"]
[EventDate "2025.06.07"]

1. e4 {[%clk 01:30:55]} {[%emt 00:00:05]} e5 {[%clk 01:30:51]} {[%emt
00:00:10]} 2. Nf3 {[%clk 01:31:20]} {[%emt 00:00:05]} Nc6 {[%clk 01:31:14]}
{[%emt 00:00:07]} 3. Bb5 {[%clk 01:31:46]} {[%emt 00:00:03]} a6 {[%clk
01:31:01]} {[%emt 00:00:44]} 4. Ba4 {[%clk 01:32:01]} {[%emt 00:00:15]} Nf6
{[%clk 01:31:23]} {[%emt 00:00:07]} 5. d3 {[%clk 01:32:27]} {[%emt 00:00:05]}
b5 {[%clk 01:31:37]} {[%emt 00:00:16]} 6. Bb3 {[%clk 01:32:51]} {[%emt
00:00:05]} Be7 {[%clk 01:32:03]} {[%emt 00:00:04]} 7. a4 {[%clk 01:33:17]}
{[%emt 00:00:04]} Bb7 {[%clk 01:30:43]} {[%emt 00:01:50]} 8. Nc3 {[%clk
01:33:38]} {[%emt 00:00:07]} b4 {[%clk 01:31:02]} {[%emt 00:00:13]} 9. Nd5
{[%clk 01:34:02]} {[%emt 00:00:05]} Na5 {[%clk 01:30:45]} {[%emt 00:00:48]} 10.
Nxf6+ {[%clk 01:32:30]} {[%emt 00:02:01]} Bxf6 {[%clk 01:31:05]} {[%emt
00:00:10]} 11. Ba2 {[%clk 01:32:48]} {[%emt 00:00:12]} O-O {[%clk 01:29:33]}
{[%emt 00:02:03]} 12. Be3 {[%clk 01:31:34]} {[%emt 00:01:43]} d5 {[%clk
01:23:24]} {[%emt 00:06:40]} 13. Qe2 {[%clk 01:27:44]} {[%emt 00:04:20]} d4
{[%clk 01:14:59]} {[%emt 00:08:56]} 14. Bd2 {[%clk 01:27:48]} {[%emt 00:00:24]}
c5 {[%clk 01:15:15]} {[%emt 00:00:15]} 15. g4 {[%clk 01:25:21]} {[%emt
00:02:57]} Qd6 {[%clk 01:13:12]} {[%emt 00:02:34]} 16. g5 {[%clk 01:24:50]}
{[%emt 00:01:00]} Bd8 {[%clk 01:12:16]} {[%emt 00:01:25]} 17. h4 {[%clk
01:20:35]} {[%emt 00:04:44]} Bc8 {[%clk 01:07:29]} {[%emt 00:05:18]} 18. Bd5
{[%clk 01:19:26]} {[%emt 00:01:40]} Bb7 {[%clk 01:07:32]} {[%emt 00:00:28]} 19.
Bxb7 {[%clk 01:19:36]} {[%emt 00:00:18]} Nxb7 {[%clk 01:07:56]} {[%emt
00:00:07]} 20. b3 {[%clk 01:19:14]} {[%emt 00:00:51]} Na5 {[%clk 01:07:20]}
{[%emt 00:01:07]} 21. O-O-O {[%clk 01:17:59]} {[%emt 00:01:45]} Qe6 {[%clk
01:04:01]} {[%emt 00:03:49]} 22. Kb2 {[%clk 01:18:17]} {[%emt 00:00:11]} Bc7
{[%clk 01:02:46]} {[%emt 00:01:46]} 23. h5 {[%clk 01:17:10]} {[%emt 00:01:35]}
Nc6 {[%clk 00:58:26]} {[%emt 00:04:52]} 24. Nh4 {[%clk 01:12:57]} {[%emt
00:04:41]} Ne7 {[%clk 00:58:06]} {[%emt 00:00:51]} 25. Rdg1 {[%clk 01:12:20]}
{[%emt 00:01:06]} Rab8 {[%clk 00:54:19]} {[%emt 00:04:19]} 26. g6 {[%clk
01:07:39]} {[%emt 00:05:10]} fxg6 {[%clk 00:51:44]} {[%emt 00:03:05]} 27. Bg5
{[%clk 01:06:24]} {[%emt 00:01:44]} Bd8 {[%clk 00:41:19]} {[%emt 00:10:56]} 28.
hxg6 {[%clk 01:04:13]} {[%emt 00:02:40]} Nxg6 {[%clk 00:39:58]} {[%emt
00:01:53]} 29. Bxd8 {[%clk 01:02:51]} {[%emt 00:01:52]} Rbxd8 {[%clk 00:39:58]}
{[%emt 00:00:30]} 30. Nf5 {[%clk 01:03:00]} {[%emt 00:00:20]} Rxf5 {[%clk
00:35:43]} {[%emt 00:04:45]} 31. exf5 {[%clk 01:01:50]} {[%emt 00:01:39]} Qxf5
{[%clk 00:36:08]} {[%emt 00:00:06]} 32. Rh5 {[%clk 01:00:01]} {[%emt 00:02:19]}
Qf6 {[%clk 00:35:16]} {[%emt 00:01:22]} 33. Rhg5 {[%clk 00:57:50]} {[%emt
00:02:40]} Re8 {[%clk 00:28:07]} {[%emt 00:07:41]} 34. Qe4 {[%clk 00:56:22]}
{[%emt 00:01:57]} Rd8 {[%clk 00:27:59]} {[%emt 00:00:39]} 35. Rf5 {[%clk
00:54:04]} {[%emt 00:02:46]} Qd6 {[%clk 00:26:56]} {[%emt 00:01:34]} 36. Qb7
{[%clk 00:46:29]} {[%emt 00:08:04]} Rd7 {[%clk 00:25:33]} {[%emt 00:01:55]} 37.
Qe4 {[%clk 00:44:05]} {[%emt 00:02:52]} Rd8 {[%clk 00:25:52]} {[%emt 00:00:14]}
38. Qb7 {[%clk 00:42:40]} {[%emt 00:01:54]} Rd7 {[%clk 00:26:12]} {[%emt
00:00:10]} 39. Qe4 {[%clk 00:41:47]} {[%emt 00:01:22]} 1/2-1/2

[Event "DEM U12 2025"]
[Site "Willingen GER"]
[Date "2025.06.08"]
[Round "2"]
[White "Moskalenko, Michael"]
[Black "Naumann, Lennart"]
[Result "1-0"]
[Termination "normal"]
[Board "7"]
[WhiteElo "1720"]
[BlackElo "1820"]
[WhiteClock "00:37:50"]
[BlackClock "00:36:37"]
[PlyCount "47"]
[WhiteFideId "34608877"]
[BlackFideId "34644830"]
[EventCountry "GER"]
[EventRounds "9"]
[EventType "swiss"]
[EventDate "2025.06.07"]

1. d4 {[%clk 01:30:58]} {[%emt 00:00:02]} c5 {[%clk 01:30:54]} {[%emt
00:00:06]} 2. d5 {[%clk 01:31:24]} {[%emt 00:00:05]} Nf6 {[%clk 01:31:17]}
{[%emt 00:00:06]} 3. c4 {[%clk 01:31:46]} {[%emt 00:00:09]} e6 {[%clk
01:31:39]} {[%emt 00:00:08]} 4. Nc3 {[%clk 01:32:09]} {[%emt 00:00:06]} d6
{[%clk 01:31:57]} {[%emt 00:00:11]} 5. e4 {[%clk 01:32:24]} {[%emt 00:00:16]}
g6 {[%clk 01:31:57]} {[%emt 00:00:30]} 6. f4 {[%clk 01:24:05]} {[%emt
00:08:50]} Nh5 {[%clk 01:29:14]} {[%emt 00:03:12]} 7. Nf3 {[%clk 01:22:40]}
{[%emt 00:01:55]} exd5 {[%clk 01:26:40]} {[%emt 00:03:03]} 8. cxd5 {[%clk
01:17:20]} {[%emt 00:05:51]} Bg7 {[%clk 01:25:56]} {[%emt 00:01:14]} 9. Bd3
{[%clk 01:16:07]} {[%emt 00:01:42]} O-O {[%clk 01:21:06]} {[%emt 00:05:20]} 10.
O-O {[%clk 01:15:53]} {[%emt 00:00:45]} Re8 {[%clk 01:20:43]} {[%emt 00:00:52]}
11. f5 {[%clk 01:09:00]} {[%emt 00:07:25]} gxf5 {[%clk 01:13:48]} {[%emt
00:07:25]} 12. exf5 {[%clk 01:09:10]} {[%emt 00:00:19]} Nf6 {[%clk 01:12:50]}
{[%emt 00:01:27]} 13. Bg5 {[%clk 01:06:12]} {[%emt 00:03:30]} Qb6 {[%clk
01:11:27]} {[%emt 00:01:50]} 14. Na4 {[%clk 01:03:06]} {[%emt 00:03:39]} Qc7
{[%clk 01:08:13]} {[%emt 00:03:43]} 15. Bxf6 {[%clk 01:02:05]} {[%emt
00:01:32]} Bxf6 {[%clk 01:07:39]} {[%emt 00:01:03]} 16. Nd2 {[%clk 00:58:14]}
{[%emt 00:04:22]} a6 {[%clk 01:03:38]} {[%emt 00:04:31]} 17. Qg4+ {[%clk
00:57:50]} {[%emt 00:00:54]} Kh8 {[%clk 01:03:40]} {[%emt 00:00:27]} 18. Ne4
{[%clk 00:55:21]} {[%emt 00:03:01]} Bd4+ {[%clk 00:57:22]} {[%emt 00:06:48]}
19. Kh1 {[%clk 00:55:28]} {[%emt 00:00:23]} Rg8 {[%clk 00:56:37]} {[%emt
00:01:14]} 20. Qh5 {[%clk 00:54:57]} {[%emt 00:01:01]} b5 {[%clk 00:56:08]}
{[%emt 00:00:57]} 21. f6 {[%clk 00:51:30]} {[%emt 00:03:59]} Bg4 {[%clk
00:48:54]} {[%emt 00:07:43]} 22. Qh4 {[%clk 00:50:33]} {[%emt 00:01:28]} h5
{[%clk 00:46:11]} {[%emt 00:03:13]} 23. h3 {[%clk 00:38:29]} {[%emt 00:12:34]}
Qd7 {[%clk 00:36:37]} {[%emt 00:10:04]} 24. Nb6 {[%clk 00:37:50]} {[%emt
00:00:40]} 1-0

[Event "DEM U12 2025"]
[Site "Willingen GER"]
[Date "2025.06.08"]
[Round "2"]
[White "Dotschuweit, Erik"]
[Black "Aguike, Toshiya"]
[Result "0-1"]
[Termination "normal"]
[Board "8"]
[WhiteElo "1676"]
[BlackElo "1953"]
[WhiteClock "00:57:31"]
[BlackClock "01:05:26"]
[PlyCount "44"]
[WhiteFideId "34610146"]
[BlackFideId "34611347"]
[EventCountry "GER"]
[EventRounds "9"]
[EventType "swiss"]
[EventDate "2025.06.07"]

1. e4 {[%clk 01:30:55]} {[%emt 00:00:06]} e5 {[%clk 01:30:50]} {[%emt
00:00:10]} 2. Nf3 {[%clk 01:31:15]} {[%emt 00:00:10]} Nc6 {[%clk 01:28:46]}
{[%emt 00:02:34]} 3. Bb5 {[%clk 01:31:27]} {[%emt 00:00:18]} Nf6 {[%clk
01:29:08]} {[%emt 00:00:08]} 4. O-O {[%clk 01:31:29]} {[%emt 00:00:28]} Nxe4
{[%clk 01:29:30]} {[%emt 00:00:08]} 5. Re1 {[%clk 01:30:33]} {[%emt 00:01:26]}
Nd6 {[%clk 01:19:12]} {[%emt 00:10:47]} 6. Bxc6 {[%clk 01:27:50]} {[%emt
00:03:13]} dxc6 {[%clk 01:18:58]} {[%emt 00:00:44]} 7. Nxe5 {[%clk 01:27:29]}
{[%emt 00:00:50]} Be7 {[%clk 01:17:25]} {[%emt 00:02:03]} 8. d4 {[%clk
01:24:10]} {[%emt 00:03:49]} O-O {[%clk 01:17:41]} {[%emt 00:00:14]} 9. c4
{[%clk 01:21:54]} {[%emt 00:02:47]} Bf6 {[%clk 01:17:06]} {[%emt 00:01:04]} 10.
Nd2 {[%clk 01:18:41]} {[%emt 00:03:44]} Re8 {[%clk 01:16:07]} {[%emt 00:01:29]}
11. Qe2 {[%clk 01:15:01]} {[%emt 00:04:10]} Nf5 {[%clk 01:13:27]} {[%emt
00:03:09]} 12. Ndf3 {[%clk 00:57:55]} {[%emt 00:17:37]} Nxd4 {[%clk 01:12:46]}
{[%emt 00:01:11]} 13. Nxd4 {[%clk 00:57:46]} {[%emt 00:00:37]} Qxd4 {[%clk
01:08:49]} {[%emt 00:04:29]} 14. Bf4 {[%clk 00:56:42]} {[%emt 00:01:33]} Qxf4
{[%clk 01:04:25]} {[%emt 00:04:54]} 15. Nd3 {[%clk 00:57:02]} {[%emt 00:00:11]}
Rxe2 {[%clk 01:04:30]} {[%emt 00:00:25]} 16. Rxe2 {[%clk 00:57:17]} {[%emt
00:00:15]} Qd6 {[%clk 01:04:41]} {[%emt 00:00:19]} 17. Re8+ {[%clk 00:57:26]}
{[%emt 00:00:21]} Qf8 {[%clk 01:05:04]} {[%emt 00:00:06]} 18. Rae1 {[%clk
00:57:23]} {[%emt 00:00:33]} Bf5 {[%clk 01:05:06]} {[%emt 00:00:27]} 19. Rxf8+
{[%clk 00:57:39]} {[%emt 00:00:15]} Kxf8 {[%clk 01:05:30]} {[%emt 00:00:06]}
20. Nc5 {[%clk 00:57:44]} {[%emt 00:00:26]} b6 {[%clk 01:05:36]} {[%emt
00:00:24]} 21. Na6 {[%clk 00:57:26]} {[%emt 00:00:48]} Re8 {[%clk 01:05:06]}
{[%emt 00:00:59]} 22. Rd1 {[%clk 00:57:31]} {[%emt 00:00:26]} Bc2 {[%clk
01:05:26]} {[%emt 00:00:10]} 0-1

[Event "DEM U12 2025"]
[Site "Willingen GER"]
[Date "2025.06.08"]
[Round "2"]
[White "Richter, Felix"]
[Black "Beier, Martin"]
[Result "1/2-1/2"]
[Termination "normal"]
[Board "9"]
[WhiteElo "1867"]
[BlackElo "1781"]
[WhiteClock "01:08:46"]
[BlackClock "00:58:10"]
[PlyCount "92"]
[WhiteFideId "34631356"]
[BlackFideId "34631879"]
[EventCountry "GER"]
[EventRounds "9"]
[EventType "swiss"]
[EventDate "2025.06.07"]

1. e4 {[%clk 01:30:40]} {[%emt 00:00:19]} e6 {[%clk 01:30:48]} {[%emt
00:00:12]} 2. d4 {[%clk 01:31:03]} {[%emt 00:00:08]} d5 {[%clk 01:31:10]}
{[%emt 00:00:09]} 3. Nc3 {[%clk 01:31:26]} {[%emt 00:00:07]} Nf6 {[%clk
01:31:21]} {[%emt 00:00:19]} 4. e5 {[%clk 01:31:48]} {[%emt 00:00:08]} Nfd7
{[%clk 01:31:46]} {[%emt 00:00:05]} 5. f4 {[%clk 01:32:09]} {[%emt 00:00:08]}
c5 {[%clk 01:32:09]} {[%emt 00:00:09]} 6. Nf3 {[%clk 01:32:31]} {[%emt
00:00:07]} Nc6 {[%clk 01:32:09]} {[%emt 00:00:30]} 7. Be3 {[%clk 01:32:53]}
{[%emt 00:00:09]} Qb6 {[%clk 01:32:26]} {[%emt 00:00:13]} 8. Na4 {[%clk
01:33:00]} {[%emt 00:00:23]} Qa5+ {[%clk 01:32:35]} {[%emt 00:00:20]} 9. c3
{[%clk 01:33:22]} {[%emt 00:00:08]} b6 {[%clk 01:32:42]} {[%emt 00:00:24]} 10.
Be2 {[%clk 01:32:34]} {[%emt 00:01:17]} Ba6 {[%clk 01:31:06]} {[%emt 00:02:06]}
11. Bxa6 {[%clk 01:31:19]} {[%emt 00:01:46]} Qxa6 {[%clk 01:31:13]} {[%emt
00:00:23]} 12. b3 {[%clk 01:30:35]} {[%emt 00:01:13]} cxd4 {[%clk 01:24:57]}
{[%emt 00:06:46]} 13. Nxd4 {[%clk 01:29:57]} {[%emt 00:01:07]} Nxd4 {[%clk
01:25:00]} {[%emt 00:00:28]} 14. Bxd4 {[%clk 01:29:43]} {[%emt 00:00:44]} Bc5
{[%clk 01:24:51]} {[%emt 00:00:40]} 15. Nxc5 {[%clk 01:28:01]} {[%emt
00:02:12]} Nxc5 {[%clk 01:25:07]} {[%emt 00:00:13]} 16. Qe2 {[%clk 01:26:35]}
{[%emt 00:01:56]} Qxe2+ {[%clk 01:24:35]} {[%emt 00:01:03]} 17. Kxe2 {[%clk
01:27:02]} {[%emt 00:00:02]} Ke7 {[%clk 01:24:33]} {[%emt 00:00:32]} 18. g4
{[%clk 01:24:44]} {[%emt 00:02:47]} g6 {[%clk 01:20:07]} {[%emt 00:04:56]} 19.
Rhf1 {[%clk 01:22:59]} {[%emt 00:02:15]} Rhg8 {[%clk 01:19:17]} {[%emt
00:01:21]} 20. Ke3 {[%clk 01:21:49]} {[%emt 00:01:40]} Raf8 {[%clk 01:16:55]}
{[%emt 00:02:51]} 21. Rab1 {[%clk 01:21:11]} {[%emt 00:01:08]} Nd7 {[%clk
01:12:09]} {[%emt 00:05:18]} 22. a4 {[%clk 01:20:20]} {[%emt 00:01:21]} f6
{[%clk 01:11:45]} {[%emt 00:00:54]} 23. b4 {[%clk 01:19:08]} {[%emt 00:01:41]}
fxe5 {[%clk 01:10:40]} {[%emt 00:01:36]} 24. fxe5 {[%clk 01:19:24]} {[%emt
00:00:14]} Rxf1 {[%clk 01:10:11]} {[%emt 00:00:59]} 25. Rxf1 {[%clk 01:19:52]}
{[%emt 00:00:01]} Rf8 {[%clk 01:10:16]} {[%emt 00:00:26]} 26. Rxf8 {[%clk
01:20:16]} {[%emt 00:00:06]} Kxf8 {[%clk 01:10:40]} {[%emt 00:00:05]} 27. Kd3
{[%clk 01:20:01]} {[%emt 00:00:45]} Ke7 {[%clk 01:05:07]} {[%emt 00:06:04]} 28.
Kc2 {[%clk 01:19:27]} {[%emt 00:01:02]} Kd8 {[%clk 01:03:57]} {[%emt 00:01:41]}
29. Kb3 {[%clk 01:19:41]} {[%emt 00:00:17]} Kc7 {[%clk 01:03:33]} {[%emt
00:00:54]} 30. c4 {[%clk 01:18:55]} {[%emt 00:01:16]} dxc4+ {[%clk 01:02:14]}
{[%emt 00:01:49]} 31. Kxc4 {[%clk 01:19:22]} {[%emt 00:00:02]} Kc6 {[%clk
01:02:14]} {[%emt 00:00:28]} 32. h4 {[%clk 01:16:18]} {[%emt 00:03:36]} h5
{[%clk 01:00:54]} {[%emt 00:01:51]} 33. gxh5 {[%clk 01:15:56]} {[%emt
00:00:50]} gxh5 {[%clk 01:00:59]} {[%emt 00:00:26]} 34. b5+ {[%clk 01:14:36]}
{[%emt 00:01:50]} Kc7 {[%clk 01:01:12]} {[%emt 00:00:15]} 35. Kd3 {[%clk
01:14:50]} {[%emt 00:00:17]} Nf8 {[%clk 01:01:32]} {[%emt 00:00:12]} 36. Ke4
{[%clk 01:14:13]} {[%emt 00:01:07]} Ng6 {[%clk 01:01:34]} {[%emt 00:00:28]} 37.
Bf2 {[%clk 01:14:14]} {[%emt 00:00:28]} Kb7 {[%clk 01:01:20]} {[%emt 00:00:44]}
38. Be1 {[%clk 01:13:52]} {[%emt 00:00:52]} Kc7 {[%clk 01:00:42]} {[%emt
00:01:09]} 39. Bg3 {[%clk 01:14:00]} {[%emt 00:00:19]} Kd7 {[%clk 01:00:40]}
{[%emt 00:00:33]} 40. Be1 {[%clk 01:10:58]} {[%emt 00:03:32]} Kc7 {[%clk
01:00:56]} {[%emt 00:00:16]} 41. Bf2 {[%clk 01:11:11]} {[%emt 00:00:16]} Kb7
{[%clk 01:01:00]} {[%emt 00:00:27]} 42. Bg3 {[%clk 01:10:55]} {[%emt 00:00:45]}
Kc7 {[%clk 01:00:46]} {[%emt 00:00:45]} 43. Kf3 {[%clk 01:10:47]} {[%emt
00:00:32]} Kd7 {[%clk 01:00:19]} {[%emt 00:00:57]} 44. Ke4 {[%clk 01:10:39]}
{[%emt 00:00:42]} Kc7 {[%clk 01:00:25]} {[%emt 00:00:26]} 45. Kd4 {[%clk
01:11:00]} {[%emt 00:00:08]} Kb7 {[%clk 00:59:01]} {[%emt 00:01:54]} 46. Kc4
{[%clk 01:08:46]} {[%emt 00:02:44]} Kc7 {[%clk 00:58:10]} {[%emt 00:01:21]}
1/2-1/2

[Event "DEM U12 2025"]
[Site "Willingen GER"]
[Date "2025.06.08"]
[Round "2"]
[White "Meitzner, Jonathan Franz"]
[Black "Shneider, Illia"]
[Result "1-0"]
[Termination "normal"]
[Board "10"]
[WhiteElo "1766"]
[BlackElo "1799"]
[WhiteClock "00:09:48"]
[BlackClock "00:06:56"]
[PlyCount "143"]
[WhiteFideId "34616110"]
[BlackFideId "34166300"]
[EventCountry "GER"]
[EventRounds "9"]
[EventType "swiss"]
[EventDate "2025.06.07"]

1. e4 {[%clk 01:30:57]} {[%emt 00:00:03]} c6 {[%clk 01:30:51]} {[%emt
00:00:09]} 2. d4 {[%clk 01:31:11]} {[%emt 00:00:16]} d5 {[%clk 01:31:09]}
{[%emt 00:00:10]} 3. exd5 {[%clk 01:31:35]} {[%emt 00:00:07]} cxd5 {[%clk
01:31:32]} {[%emt 00:00:07]} 4. Bd3 {[%clk 01:31:57]} {[%emt 00:00:08]} Nc6
{[%clk 01:31:55]} {[%emt 00:00:07]} 5. c3 {[%clk 01:32:22]} {[%emt 00:00:06]}
e5 {[%clk 01:32:20]} {[%emt 00:00:05]} 6. dxe5 {[%clk 01:30:43]} {[%emt
00:02:09]} Nxe5 {[%clk 01:32:44]} {[%emt 00:00:06]} 7. Bb5+ {[%clk 01:31:08]}
{[%emt 00:00:05]} Nc6 {[%clk 01:32:55]} {[%emt 00:00:18]} 8. Nf3 {[%clk
01:30:06]} {[%emt 00:01:33]} Nf6 {[%clk 01:31:25]} {[%emt 00:01:58]} 9. O-O
{[%clk 01:29:37]} {[%emt 00:01:01]} Be7 {[%clk 01:31:45]} {[%emt 00:00:10]} 10.
h3 {[%clk 01:29:29]} {[%emt 00:00:38]} O-O {[%clk 01:31:59]} {[%emt 00:00:16]}
11. Be3 {[%clk 01:29:44]} {[%emt 00:00:15]} a6 {[%clk 01:29:35]} {[%emt
00:02:54]} 12. Ba4 {[%clk 01:29:16]} {[%emt 00:00:58]} Ne4 {[%clk 01:29:40]}
{[%emt 00:00:26]} 13. Bb3 {[%clk 01:26:27]} {[%emt 00:03:18]} Be6 {[%clk
01:29:53]} {[%emt 00:00:16]} 14. Nbd2 {[%clk 01:26:10]} {[%emt 00:00:47]} Nxd2
{[%clk 01:29:58]} {[%emt 00:00:24]} 15. Qxd2 {[%clk 01:26:24]} {[%emt
00:00:17]} Qd7 {[%clk 01:29:51]} {[%emt 00:00:36]} 16. Rad1 {[%clk 01:26:32]}
{[%emt 00:00:23]} Rad8 {[%clk 01:30:05]} {[%emt 00:00:15]} 17. Bb6 {[%clk
01:26:11]} {[%emt 00:00:51]} Rc8 {[%clk 01:25:01]} {[%emt 00:05:35]} 18. Bxd5
{[%clk 01:25:59]} {[%emt 00:00:42]} Bd8 {[%clk 01:24:23]} {[%emt 00:01:07]} 19.
Bxe6 {[%clk 01:23:32]} {[%emt 00:02:58]} Qxe6 {[%clk 01:24:41]} {[%emt
00:00:12]} 20. Rfe1 {[%clk 01:22:16]} {[%emt 00:01:46]} Qf5 {[%clk 01:22:46]}
{[%emt 00:02:24]} 21. Bxd8 {[%clk 01:22:19]} {[%emt 00:00:28]} Rcxd8 {[%clk
01:23:07]} {[%emt 00:00:09]} 22. Qe2 {[%clk 01:21:16]} {[%emt 00:01:33]} h6
{[%clk 01:23:11]} {[%emt 00:00:24]} 23. Nh4 {[%clk 01:14:12]} {[%emt 00:07:34]}
Qf6 {[%clk 01:23:07]} {[%emt 00:00:35]} 24. Nf3 {[%clk 01:13:46]} {[%emt
00:00:57]} Qf4 {[%clk 01:16:06]} {[%emt 00:07:30]} 25. Qc2 {[%clk 01:12:39]}
{[%emt 00:01:37]} Qc4 {[%clk 01:04:59]} {[%emt 00:11:37]} 26. Qb3 {[%clk
01:07:40]} {[%emt 00:05:29]} Qxb3 {[%clk 01:04:27]} {[%emt 00:01:02]} 27. axb3
{[%clk 01:08:09]} {[%emt 00:00:01]} Na5 {[%clk 01:04:38]} {[%emt 00:00:20]} 28.
Rxd8 {[%clk 01:08:18]} {[%emt 00:00:21]} Rxd8 {[%clk 01:04:55]} {[%emt
00:00:13]} 29. Nd4 {[%clk 01:08:44]} {[%emt 00:00:03]} Kf8 {[%clk 01:01:36]}
{[%emt 00:03:50]} 30. Re5 {[%clk 01:07:08]} {[%emt 00:02:06]} b6 {[%clk
01:00:30]} {[%emt 00:01:36]} 31. Re4 {[%clk 01:06:12]} {[%emt 00:01:26]} Nb7
{[%clk 00:57:10]} {[%emt 00:03:50]} 32. b4 {[%clk 01:04:31]} {[%emt 00:02:11]}
Nd6 {[%clk 00:53:06]} {[%emt 00:04:33]} 33. Re2 {[%clk 01:03:28]} {[%emt
00:01:33]} g6 {[%clk 00:48:02]} {[%emt 00:05:34]} 34. Rd2 {[%clk 01:03:12]}
{[%emt 00:00:47]} Re8 {[%clk 00:27:02]} {[%emt 00:21:29]} 35. Re2 {[%clk
01:02:13]} {[%emt 00:01:30]} Rd8 {[%clk 00:26:48]} {[%emt 00:00:44]} 36. Kf1
{[%clk 01:01:49]} {[%emt 00:00:46]} Nc4 {[%clk 00:18:08]} {[%emt 00:09:18]} 37.
Ke1 {[%clk 00:57:07]} {[%emt 00:05:11]} Rd5 {[%clk 00:17:33]} {[%emt 00:01:07]}
38. f3 {[%clk 00:56:06]} {[%emt 00:01:31]} a5 {[%clk 00:14:54]} {[%emt
00:03:08]} 39. bxa5 {[%clk 00:53:28]} {[%emt 00:03:08]} Rxa5 {[%clk 00:15:11]}
{[%emt 00:00:13]} 40. b3 {[%clk 00:51:11]} {[%emt 00:02:46]} Ra1+ {[%clk
00:14:12]} {[%emt 00:01:29]} 41. Kf2 {[%clk 00:51:11]} {[%emt 00:00:31]} Nd6
{[%clk 00:14:27]} {[%emt 00:00:15]} 42. Re1 {[%clk 00:50:16]} {[%emt 00:01:24]}
Ra2+ {[%clk 00:14:47]} {[%emt 00:00:11]} 43. Re2 {[%clk 00:50:37]} {[%emt
00:00:10]} Ra1 {[%clk 00:15:10]} {[%emt 00:00:07]} 44. Rd2 {[%clk 00:40:26]}
{[%emt 00:10:41]} Ke7 {[%clk 00:13:49]} {[%emt 00:01:51]} 45. Nc6+ {[%clk
00:38:00]} {[%emt 00:02:57]} Kd7 {[%clk 00:13:49]} {[%emt 00:00:29]} 46. Ne5+
{[%clk 00:37:22]} {[%emt 00:01:08]} Ke7 {[%clk 00:13:55]} {[%emt 00:00:24]} 47.
Re2 {[%clk 00:36:09]} {[%emt 00:01:43]} Kf8 {[%clk 00:12:50]} {[%emt 00:02:59]}
48. Nd7+ {[%clk 00:36:17]} {[%emt 00:00:22]} Kg7 {[%clk 00:13:13]} {[%emt
00:00:06]} 49. Nxb6 {[%clk 00:36:14]} {[%emt 00:00:35]} Rb1 {[%clk 00:12:17]}
{[%emt 00:01:26]} 50. b4 {[%clk 00:35:29]} {[%emt 00:01:15]} Nb5 {[%clk
00:12:22]} {[%emt 00:00:25]} 51. Rc2 {[%clk 00:32:30]} {[%emt 00:03:30]} Rb3
{[%clk 00:12:34]} {[%emt 00:00:17]} 52. Nd5 {[%clk 00:32:19]} {[%emt 00:00:38]}
Na3 {[%clk 00:12:50]} {[%emt 00:00:17]} 53. Rc1 {[%clk 00:32:15]} {[%emt
00:00:34]} Rb2+ {[%clk 00:13:04]} {[%emt 00:00:15]} 54. Kg3 {[%clk 00:32:19]}
{[%emt 00:00:27]} Nc4 {[%clk 00:13:15]} {[%emt 00:00:19]} 55. Rd1 {[%clk
00:28:03]} {[%emt 00:04:45]} h5 {[%clk 00:12:42]} {[%emt 00:01:04]} 56. h4
{[%clk 00:28:21]} {[%emt 00:00:12]} Nd6 {[%clk 00:11:42]} {[%emt 00:01:30]} 57.
Ne3 {[%clk 00:27:07]} {[%emt 00:01:43]} Nb5 {[%clk 00:11:48]} {[%emt 00:00:24]}
58. Rd3 {[%clk 00:26:15]} {[%emt 00:01:23]} Rb3 {[%clk 00:11:33]} {[%emt
00:00:44]} 59. Nd5 {[%clk 00:26:08]} {[%emt 00:00:38]} Kh6 {[%clk 00:11:04]}
{[%emt 00:00:58]} 60. Re3 {[%clk 00:25:23]} {[%emt 00:01:16]} Nd6 {[%clk
00:11:11]} {[%emt 00:00:23]} 61. Kh3 {[%clk 00:23:28]} {[%emt 00:02:24]} Rb1
{[%clk 00:11:23]} {[%emt 00:00:19]} 62. Kh2 {[%clk 00:23:16]} {[%emt 00:00:42]}
Kg7 {[%clk 00:09:57]} {[%emt 00:01:56]} 63. Rd3 {[%clk 00:22:34]} {[%emt
00:01:11]} Rb3 {[%clk 00:09:53]} {[%emt 00:00:35]} 64. Re3 {[%clk 00:22:08]}
{[%emt 00:00:56]} Rb1 {[%clk 00:09:58]} {[%emt 00:00:25]} 65. Rd3 {[%clk
00:19:16]} {[%emt 00:03:22]} Rb3 {[%clk 00:09:27]} {[%emt 00:01:01]} 66. Nf4
{[%clk 00:18:31]} {[%emt 00:01:10]} Nc4 {[%clk 00:08:50]} {[%emt 00:01:12]} 67.
Ne2 {[%clk 00:16:17]} {[%emt 00:02:43]} Rb2 {[%clk 00:07:39]} {[%emt 00:01:41]}
68. Nd4 {[%clk 00:15:41]} {[%emt 00:01:06]} Na3 {[%clk 00:07:22]} {[%emt
00:00:47]} 69. Re3 {[%clk 00:14:50]} {[%emt 00:01:17]} Kf6 {[%clk 00:06:59]}
{[%emt 00:00:58]} 70. Re2 {[%clk 00:13:46]} {[%emt 00:01:33]} Rb1 {[%clk
00:07:09]} {[%emt 00:00:20]} 71. Re8 {[%clk 00:11:16]} {[%emt 00:03:00]} Rc1
{[%clk 00:06:56]} {[%emt 00:00:43]} 72. Ne2 {[%clk 00:09:48]} {[%emt 00:02:19]}
1-0